First level subdivisions surrounding Austria - Statistics

General Stats
  • This quiz has been taken 12 times
  • The average score is 14 of 46
Answer Stats
Hint Answer % Correct
Germany Bavaria
100%
Slovakia Bratislava
100%
Germany Baden-Württemberg
90%
Switzerland Graubünden
80%
Switzerland Thurgau
80%
Italy Trentino-Alto Adige
80%
Czech Republic Jihocesky
70%
Liechtenstein Schaan
70%
Italy Veneto
70%
Italy Friuli-Venezia-Giulia
60%
Czech Republic Jihomoravsky
60%
Switzerland St. Gallen
60%
Liechtenstein Balzers
40%
Liechtenstein Eschen
40%
Slovenia Maribor
40%
Liechtenstein Triesenberg
40%
Hungary Gyor-Moson-Sopron
30%
Slovakia Trnavsky
30%
Slovenia Jesenice
20%
Hungary Vas
20%
Slovenia Apace
10%
Slovenia Cankova
10%
Slovenia Crna na Koroskem
10%
Slovenia Dravograd
10%
Slovenia Gornja Radgona
10%
Slovenia Jezersko
10%
Slovenia Kranjska Gora
10%
Slovenia Kungota
10%
Slovenia Kuzma
10%
Liechtenstein Mauren
10%
Slovenia Mezica
10%
Slovenia Muta
10%
Liechtenstein Planken
10%
Slovenia Podvelka
10%
Slovenia Prevalje
10%
Slovenia Radlje ob Dravi
10%
Slovenia Ravne na Koroskem
10%
Liechtenstein Ruggell
10%
Liechtenstein Schellenberg
10%
Slovenia Selnica ob Dravi
10%
Slovenia Sentilj
10%
Slovenia Solcava
10%
Slovenia Tisina
10%
Slovenia Trzic
10%
Slovenia Zirovnica
10%
Slovenia Rogasovci
0%
No matching quizzes found
Score Distribution
Percent of People with Each Score
Percentile by Number Answered
Your Score History
You have not taken this quiz